| 000 | 00392nam a22001577a 4500 | ||
|---|---|---|---|
| 005 | 20250207135352.0 | ||
| 008 | 150304b2007 xxu||||| |||| 00| 0 spa d | ||
| 041 | _aESP | ||
| 082 | _aR 330.03 V864d | ||
| 100 | _aVizcarra Cifuentes, José Luis | ||
| 245 | _aDiccionario de economía | ||
| 260 |
_aMéxico _bPatria _c2007 |
||
| 650 | _aECONOMÍA | ||
| 650 | _aDICCIONARIOS | ||
| 942 |
_cREF _2ddc |
||
| 999 |
_c3616 _d3616 |
||